| 000 | 00417nam a2200169Ia 4500 | ||
|---|---|---|---|
| 008 | 151213s9999 xx 000 0 und d | ||
| 020 | _a8120328752 | ||
| 100 | _aS. P. Rabbins | ||
| 245 |
_aOrganizational Behavior _cS. P. Rabbins |
||
| 250 | _a12 th | ||
| 260 |
_aNew Delhi _bPrntic Hall _c2005 |
||
| 300 | _a4022 p. | ||
| 650 | _aManagement | ||
| 650 | _aManagement | ||
| 700 | _aS. P. Rabbins | ||
| 999 |
_c2549 _d2549 |
||